| 000 | 00651nam a2200193 a 4500 | ||
|---|---|---|---|
| 005 | 20240925063837.0 | ||
| 008 | 991125s1967 fr 000 0 fre u | ||
| 035 | _aUPN01000004834 | ||
| 049 | _aCG | ||
| 050 | 4 |
_aLB3056 F8 _bA3.3 |
|
| 100 | 1 | _aAgazzi, Aldo | |
| 245 | 1 | 4 |
_aLes aspects pédagogiques des examens / _cpar Aldo Agazzi. |
| 260 |
_aStrasbourg [Fra.] : _bConseil de la Coopération Culturelle du Conseil de l'Europe, _c1967. |
||
| 300 | _a152 p. | ||
| 440 | 2 |
_aL'éducation en Europe : serie 2. _pEnseignement général et technique ; _v10 |
|
| 650 | 2 |
_aExámenes _917034 |
|
| 650 | 4 |
_aMediciones y pruebas educativas _94299 |
|
| 905 | _aLibro | ||
| 999 |
_c4834 _d4834 |
||